Taylor Swift - Paroles I'm Only Me When I'm With You - Statistiques

Statistiques générales
  • Ce quiz a été pris 18 fois
  • Le résultat moyen est 269 sur 307
Statistiques - réponses
Hint Réponse % Correct
a
100%
and
100%
And
100%
be
100%
do
100%
don't
100%
Don't
100%
I
100%
Refrain I'm
100%
In
100%
in
100%
is
100%
it
100%
It's
100%
know
100%
like
100%
me
100%
my
100%
My
100%
no
100%
not
100%
on
100%
only
100%
that
100%
Refrain That
100%
the
100%
The
100%
to
100%
what
100%
when
100%
Bridge When
100%
with
100%
Outro With
100%
You
100%
you
100%
your
100%
you're
100%
by
90%
down
90%
here
90%
if
90%
Just
90%
right
90%
so
90%
time
90%
up
90%
we
90%
Who
90%
can
80%
can't
80%
feel
80%
half
80%
half,
80%
hard
80%
huh
80%
huh,
80%
Let
80%
live
80%
matter
80%
need
80%
night
80%
other
80%
say
80%
still
80%
try
80%
tryin'
80%
Uh
80%
wanna
80%
without
80%
world
80%
about
70%
are
70%
boy
70%
crazy
70%
drive
70%
Everything
70%
everything
70%
fly
70%
Couplet 1 Friday
70%
girl
70%
ground
70%
Livin'
70%
out
70%
side
70%
small
70%
stars
70%
thing
70%
town
70%
true
70%
Well,
70%
all,
60%
beneath
60%
gets
60%
isn't
60%
nobody
60%
or
60%
sky
60%
tell
60%
figure
50%
listen
50%
myself
50%
sometimes,
50%
tears
50%
yeah
50%
anybody
40%
else
40%
fears
40%
field
40%
hide
40%
pictures
40%
sing
40%
yard
40%
behind
30%
crickets
30%
painting
30%
Through
30%
Tryna
30%
deepest
20%
secrets
20%
Aucun quiz correspondant
Distribution des résultats
% des personnes avec chaque résultat
Percentile par nombre de réponses
Votre historique - résultats
Vous n’avez pas pris ce quiz